Movies Quiz

Random Movies or Director Quiz

2018 Oscar Winners Quiz Stats

 Plays Quiz Updated Feb 24, 2019

Score 0/24 Timer 06:00
0 Plays Today
Question Answer Wrong Answers
Best Picture The Shape of Water
86.6%
Darkest Hour
3.4%
Dunkirk
4.4%
Phantom Thread
1%
Best Animated Feature Film Coco
85.1%
The Boss Baby
4.4%
The Breadwinner
1.7%
Ferdinand
4.1%
Best Director Guillermo del Toro – The Shape of Water
77.8%
Paul Thomas Anderson – Phantom Thread
1.6%
Christopher Nolan – Dunkirk
6.7%
Jordan Peele – Get Out
9.3%
Best Actress Frances McDormand – Three Billboards Outside Ebbing, Missouri
76.7%
Sally Hawkins – The Shape of Water
8.5%
Margot Robbie – I, Tonya
4.9%
Saoirse Ronan – Lady Bird
5.2%
Best Actor Gary Oldman – Darkest Hour
74.8%
Timothée Chalamet – Call Me by Your Name
6.4%
Daniel Day-Lewis – Phantom Thread
8.9%
Daniel Kaluuya – Get Out
5.2%
Best Original Song 'Remember Me' - Coco
71.8%
'Mighty River' - Mudbound
5.6%
'Mystery of Love' - Call Me by Your Name
11.8%
'Stand Up for Something' - Marshall
5.9%
Best Supporting Actress Allison Janney - I, Tonya
71.2%
Mary J. Blige - Mudbound
3.9%
Lesley Manville - Phantom Thread
4.4%
Laurie Metcalf - Lady Bird
15.6%
Best Supporting Actor Sam Rockwell - Three Billboards Outside Ebbing, Missouri
70.8%
Willem Dafoe – The Florida Project
5.7%
Richard Jenkins - The Shape of Water
8.9%
Christopher Plummer - All the Money in the World
9.8%
Best Adapted Screenplay Call Me by Your Name
68.5%
Logan
7.8%
Molly's Game
9.7%
Mudbound
9%
Best Documentary - Feature Icarus
58.5%
Abacus: Small Enough to Jail
14.1%
Faces Places
11.2%
Strong Island
11.1%
Best Visual Effects Blade Runner 2049
58.3%
Guardians of the Galaxy Vol. 2
10.7%
Kong: Skull Island
4.7%
Star Wars: The Last Jedi
21.3%
Best Sound Editing Dunkirk
57.5%
Baby Driver
12.4%
Blade Runner 2049
14.2%
The Shape of Water
11.2%
Best Makeup and Hairstyling Darkest Hour
53.9%
Wonder
11.2%
Victoria & Abdul
30%
Best Sound Mixing Dunkirk
52.8%
Baby Driver
14.8%
Blade Runner 2049
15.9%
The Shape of Water
11.5%
Best Film Editing Dunkirk
46.6%
Baby Driver
11.5%
I, Tonya
6%
The Shape of Water
30.8%
Best Animated Short Film Dear Basketball
45%
Garden Party
16.3%
Lou
19.9%
Negative Space
13.8%
Best Foreign Language Film A Fantastic Woman
44.9%
On Body and Soul
16.9%
The Insult
16.2%
The Square
16.9%
Best Original Score The Shape of Water
44.1%
Dunkirk
28.4%
Phantom Thread
10.2%
Star Wars: The Last Jedi
12.3%
Best Live Action Short Film The Silent Child
43.3%
DeKalb Elementary
14.8%
The Eleven O'Clock
19.1%
My Nephew Emmett
17.2%
Best Original Screenplay Get Out
42.5%
The Big Sick
5%
Lady Bird
13%
The Shape of Water
34.6%
Best Costume Design Phantom Thread
41.6%
Beauty and the Beast
25%
Darkest Hour
13.6%
Victoria & Abdul
14.7%
Best Production Design The Shape of Water
39.7%
Blade Runner 2049
25.1%
Darkest Hour
7.5%
Dunkirk
22.7%
Best Cinematography Blade Runner 2049
33.6%
Darkest Hour
7.6%
Dunkirk
51.5%
Mudbound
2.5%
Best Documentary - Short Subject Heaven Is a Traffic Jam on the 405
28.4%
Edith+Eddie
18.4%
Heroin(e)
36.6%
Knife Skills
11.2%

You're not logged in!

Compare scores with friends on all Sporcle quizzes.
OR
Log In

Sporcle TV

Today on Sporcle TV


Watch our educational content, quiz creation guides, and fun videos on Sporcle TV.

Show Comments

Extras

Top Quizzes Today


Score Distribution

Your Account Isn't Verified!

In order to create a playlist on Sporcle, you need to verify the email address you used during registration. Go to your Sporcle Settings to finish the process.

Report this User

Report this user for behavior that violates our Community Guidelines.

Details: